000 00528nam a2200205 4500
003 LK-CoMWRAF
005 20230830140926.0
008 230830b2004 |||||||| |||| 00| 0 eng d
020 _a0072820381
040 _aLK-CoMWRAF
_dLK-CoMWRAF
_eLK-CoMWRAF
041 _aeng
082 _a305.231
_bSAN
100 _aSantrock, John W.
245 _aChild Development
250 _a10th ed.
300 _axxxvii, 603 p.
_bBibliography and index included
650 _aCHILD DEVELOPMENT
650 _aCHILD PSYCHOLOGY
942 _cBK
999 _c3317
_d3317